000 00345nam a2200109Ia 4500
008 221009s9999 xx 000 0 und d
082 _a920/DUT BOOK
100 _aदत्‍त ,डॉ .उषा
_970067
245 0 _aसाबरमती के संत महात्‍मा गांधी
260 _bजगतराम
942 _cBK
999 _c65061
_d65061